00486nam a2200109Ia 4500008004100000050002300041100002900064245016200093260008600255300002000341521001500361140724s9999 xx 000 0 und d aBF 576b.B171 2014 aBalangbang, Jamia Mae M. aInterpersonal styles profile and levels of self-acceptance of the selected high school students of Philippine School for the deaf /cJamia Mae M. Balangbang. aLas Piñas, Philippines :bSouthville International School and Colleges,cc2014. a63 p. :c28 cm. aPsychology